| 000 | 00772nam a2200241Ia 4500 | ||
|---|---|---|---|
| 008 | 100315s9999 xx 000 0 und d | ||
| 020 | _a1897613016 | ||
| 040 | _cENGLISH | ||
| 082 |
_b9943 _a332.7 |
||
| 100 | _a"Gardner, DC " | ||
| 245 | _aCredit Analysis Analysing Banks and Insurance Companies | ||
| 260 |
_aLondon _bDc Gardner Group _c1992 |
||
| 300 | _a72 | ||
| 365 |
_eRupees _d1 _b0.00 |
||
| 366 | _f0 | ||
| 505 | _gVaibhav Gaikwad | ||
| 530 | _bDonated By Library | ||
| 620 | _a"Credit Analysis, Banks, Insurance, RBI Book, Economic " | ||
| 630 | _aCredit Analysis Analysing Banks and Insurance Companies | ||
| 650 | _aECONOMIC | ||
| 730 | _aCredit Analysis Analysing Banks and Insurance Companies | ||
| 942 | _cBOOK | ||
| 999 |
_c484677 _d484674 |
||